000 00341nam a2200133Ia 4500
008 240624s9999 xx 000 0 und d
041 _aeng
082 _a306.36 DRU
100 _aDRUCKER PETER F
245 _aNEW SOCIETY THE ANATOMY OF INDUSTRIAL OR
260 _c1993
_aorder
_bTransaction Publishers
300 _a362 : p.
365 _c
_b5
999 _c23912
_d23912